| 000 | 01133 a2200217 4500 | ||
|---|---|---|---|
| 003 | Nust | ||
| 005 | 20220729131341.0 | ||
| 010 | _a 91042272 | ||
| 020 | _a0444892273 | ||
| 040 | _cNust | ||
| 082 | 0 | 0 | _a004.6,REC |
| 245 | 1 | 0 |
_aRecent technical developments in telecommunications : _blectures given during the International Chair in Computer Science, held from December 1989 to March 1990 / _cedited by Paul Levaux. |
| 260 |
_aAmsterdam ; _aNew York : _bNorth-Holland ; _aNew York, N.Y., U.S.A. : _bDistributors for the U.S. and Canada, Elsevier Science Pub. Co., _c1992. |
||
| 300 |
_avii, 402 p. : _bill. ; _c25 cm. |
||
| 505 | _aModern Receiver Structures for Digital Communication (Page-1), Transport Protocols for High Speed Networks (Page-95), Security in Distributed Systems (Page-145), Specification Structuring (Page-229), Campus Communications Course (Page-265). | ||
| 650 | 0 |
_aComputer network protocols _xCongresses. _995797 |
|
| 650 | 0 |
_aComputer networks _xCongresses. _995798 |
|
| 650 | 0 |
_aComputer networks _xSecurity measures _xCongresses. _995799 |
|
| 700 | 1 |
_aLevaux, Paul. _995800 |
|
| 942 |
_2ddc _cBK _k004.6,REC |
||
| 999 |
_c176366 _d176366 |
||